00457cam a22001097a 4500008004000000082003200040100002500072245012000097260005700217300001100274440006200285180718b1982 xxu||||| |||| 00| 0 eng d aA81x54 In2/81/17/Pt13A&B/FI aCensus of India 1981 aPunjab district census handbook, Firozpur: village and town directory, village and townwise primary census abstract aChandigarhbPrinting and Stationery Departmentc1982 a269+p. aCensus of India 1981. Series-17, Punjab. Parts XIII A & B